Les partenaires (sponsors) des JO de 2024 - Statistiques

Statistiques générales
  • Ce quiz a été pris 29 fois
  • Le résultat moyen est 10 sur 80
Statistiques - réponses
PAYS Type de partenaire Domaine INDICE Nom % Correct
France Officiel Transport aérien A Air France
65%
Etats-Unis Mondial Boissons C Coca-Cola
62%
France Premium Energie E EDF | Electricité de France
54%
Etats-Unis Mondial Cartes de paiement V Visa
50%
France Premium Grande distribution C Carrefour
46%
France Premium Télécommunications O Orange
46%
Corée-du-Sud Mondial Electronique S Samsung
46%
France Officiel Alimentaire D Danone
42%
Etats-Unis Mondial Microprocesseurs I Intel
38%
France Supporter officiel Bière sans alcool T Tourtel
38%
France Premium Hôtelerie A Accor
35%
Allemagne Mondial Assurances A Allianz
35%
France Supporter officiel Salles de sport F Fitness Park
35%
France Officiel Equipementier sportif L Le Coq Sportif
35%
France Supporter officiel Commerce d'optique O Optic 2000
35%
France Supporter officiel Transport ferroviaire S SNCF | Société Nationale des Chemins de Fer Français
35%
France Officiel Commerce et équipements sportifs D Decathlon
31%
France Officiel Jeux F FDJ | Française des jeux
31%
France Supporter officiel Transports en commun en Ile-de-France R RATP | Régie Autonome des Transports Parisiens
27%
France Supporter officiel Parkings V Vinci
27%
Etats-Unis Mondial Location de logements A Airbnb
23%
France Supporter officiel Courrier, banque et assurance L La Poste
23%
France Premium Luxe L LVMH | Louis Vuitton Moët Hennessy
23%
Japon Mondial Automobile T Toyota
23%
Chine Mondial Commerce A Alibaba
19%
Suisse Mondial Horlogerie O Omega
19%
France Premium Pharmacie S Sanofi
19%
France Officiel Infrastructures aériennes A ADP | Aéroports de Paris
12%
France Supporter officiel Crèmes glacées M Miko
12%
France Supporter officiel Gaz industriels A Air Liquide
8%
Japon Mondial Pneumatiques B Bridgestone
8%
France Officiel Armateur C CMA CGM | Compagnie maritime d'affrètement - Compagnie générale maritime
8%
France Supporter officiel Location de matériel de BTP L Loxam
8%
France Supporter officiel Sous-traitance de services S Sodexo
8%
France Supporter officiel Equipementier sportif A Arena
4%
France Premium Banque B BPCE | Banque Populaire Caisse d'Epargne
4%
Etats-Unis Officiel Logiciels C Cisco
4%
France Supporter officiel Energie E Enedis
4%
Etats-Unis Mondial Pharmacie et hygiène P P&G | Procter & Gamble
4%
Pays-Bas Supporter officiel Intérim R Randstad
4%
France Supporter officiel Equipementier sportif A ABEO
0%
Japon Supporter officiel Matelas A Airweave
0%
Luxembourg Officiel Sidérurgie A ArcelorMittal
0%
France Mondial Numérique A Atos
0%
France Officiel Institution financière publique C Caisse des Dépôts et Consignations
0%
Royaume-Uni Mondial Audit D Deloitte
0%
France Supporter officiel Signalétique D Doublet Wasserman
0%
Etats-Unis Supporter officiel Conseil D DXC Technology
0%
France Supporter officiel Ingénierie du transport E Egis
0%
Royaume-Uni Supporter officiel Evénementiel E ES Global
0%
France Supporter officiel Numérique E Eviden
0%
France Supporter officiel Commerce électroménager, électronique et culturel F Fnac Darty
0%
Suisse Supporter officiel Alimentaire G Garden Gourmet
0%
France Supporter officiel Revêtements sols et murs G Gerflor
0%
France Officiel Evénementiel G GL Events
0%
Chine Supporter officiel Bateau pneumatiques H Highfield
0%
France Supporter officiel Véhicules à hydrogène H Hype
0%
France Officiel Transports en Ile-de-France I Ile-de-France Mobilités
0%
France Supporter officiel Commerce de fournitures de bureau L Lyreco
0%
Chine Mondial Produits laitiers M Mengniu
0%
Italie Supporter officiel Gommes M Mondo
0%
Pays-Bas Supporter officiel Solutions temporaires eau potable M MTD
0%
Italie Supporter officiel Piscines M Myrtha Pools
0%
Etats-Unis Supporter officiel Evénementiel O OnePlan
0%
Allemagne Supporter officiel Orgonomie des postes de travail O Ottobock
0%
Japon Mondial Electronique P Panasonic
0%
Royaume-Uni Officiel Audit P PwC | PricewaterhouseCoopers
0%
Etats-Unis Supporter officiel Equipements de contrôle et de sécurité R Rapiscan Systems
0%
France Supporter officiel Contenant réemployables R Re-uz
0%
Australie Supporter officiel Mobilier et accessoire pour l'industrie R RGS Events
0%
France Supporter officiel Matériaux de construction S Saint-Gobain
0%
Etats-Unis Supporter officiel Logiciels S Salesforce
0%
Royaume-Uni Supporter officiel Informatique S SCC
0%
Royaume-Uni Supporter officiel Eclairage S SLX
0%
France Supporter officiel Traitement et distribution d'eau en Ile-de-France S Syndicat des Eaux d’Île-de-France
0%
Italie Supporter officiel Equipementier sportifs T Technogym
0%
France Supporter officiel Balances T Terraillon
0%
Etats-Unis Supporter officiel Matériel de recherche T Thermo Fisher Scientific
0%
France Supporter officiel Immobilier commercial U Unibail-Rodamco-Westfield
0%
France Supporter officiel Gestionnaire de lieux d'exposition V Viparis
0%
Aucun quiz correspondant
Distribution des résultats
% des personnes avec chaque résultat
Percentile par nombre de réponses
Votre historique - résultats
Vous n’avez pas pris ce quiz